From Nineveh to New York : the strange story of the Assyrian reliefs in the Metropolitan Museum and the hidden masterpiece at Canford School /

محفوظ في:

المؤلف الرئيسي: Russell, John Malcolm.

مؤلف مشترك: Metropolitan Museum of Art (New York, N.Y.)

مؤلفون آخرون: McKenzie, Judith., Dalley, Stephanie.

التنسيق: كتاب

اللغة: English

منشور في: New Haven [Conn.] : New York : Yale University Press ; in association with the Metropolitan Museum of Art, c1997.

الموضوعات:

الوسوم: إضافة وسم

لا توجد وسوم, كن أول من يضع وسما على هذه التسجيلة!

رقم الطلب: DS69.5 .R84 1997

LEADER 01690cam a2200337 i 4500
001 ocm35758179
003 OSt
005 20241017115710.0
008 961007s1997 ctuab b 001 0 eng
999 |c 55591  |d 55591 
010 |a  96044544  
020 |a 0300064594  |q (cloth) 
020 |a 9780300064599  |q (cloth) 
040 |c ARCE Library 
043 |a a-iq---  |a n-us-ny 
050 4 |a DS69.5 .R84 1997 
100 1 |a Russell, John Malcolm. 
245 1 0 |a From Nineveh to New York :   |b the strange story of the Assyrian reliefs in the Metropolitan Museum and the hidden masterpiece at Canford School /   |c John Malcolm Russell, with contributions by Judith McKenzie and Stephanie Dalley. 
264 1 |a New Haven [Conn.] :   |b Yale University Press ;   |a New York :   |b in association with the Metropolitan Museum of Art,   |c c1997. 
300 |a 232 pages :  |b illustrations (some color), map ;  |c 27 cm. 
504 |a Includes bibliographical references (pages 224-229) and index. 
505 0 |a Ch. 1. Nineveh on the Tigris Ch. 2. The Monuments of Nineveh Ch. 3. Ninevite Marbles for Canford Manor Ch. 4. The Nineveh Porch Ch. 5. The Nineveh Porch Described Ch. 6. Nineveh on the Stour Ch. 7. The Sculptures Come to America Ch. 8. Nineveh on the Delaware Ch. 9. Nineveh on the Hudson Ch. 10. Canford School / Judith Mckenzie Ch. 11. Nineveh on the Kamo-Gawa. 
610 2 0 |a Metropolitan Museum of Art (New York, N.Y.) 
650 0 |a Sculpture, Assyro-Babylonian. 
651 0 |a Assyria  |x Antiquities. 
651 0 |a Nineveh (Extinct city) 
700 1 |a McKenzie, Judith. 
700 1 |a Dalley, Stephanie. 
710 2 |a Metropolitan Museum of Art (New York, N.Y.) 
901 |a reviewed 
942 |2 lcc  |c BK